<?xml version="1.0" encoding="UTF-8"?>
<marc:record xmlns:marc="http://www.loc.gov/MARC21/slim">
   <marc:leader>00000nam a2200000 a 4500</marc:leader>
   <marc:datafield ind1="1" ind2=" " tag="100">
      <marc:subfield code="a">Hadler, Colin</marc:subfield>
      <marc:subfield code="4">aut</marc:subfield>
      <marc:subfield code="e">Verfasser/-in</marc:subfield>
   </marc:datafield>
   <marc:datafield ind1="0" ind2="0" tag="245">
      <marc:subfield code="a">Wenn das Feuer ausgeht</marc:subfield>
   </marc:datafield>
   <marc:datafield ind1="0" ind2="0" tag="245">
      <marc:subfield code="b">Roman</marc:subfield>
   </marc:datafield>
   <marc:datafield ind1="0" ind2="0" tag="245">
      <marc:subfield code="c">Colin Hadler</marc:subfield>
   </marc:datafield>
   <marc:datafield ind1=" " ind2="1" tag="264">
      <marc:subfield code="a">Graz</marc:subfield>
      <marc:subfield code="b">edition keiper</marc:subfield>
      <marc:subfield code="c">2020</marc:subfield>
   </marc:datafield>
   <marc:datafield ind1="1" ind2=" " tag="520">
      <marc:subfield code="a">Wenn das Feuer brennt, kann man so einiges erleben. Man fühlt sich wohl, sicher und geborgen. Man kann sich im Licht der Flammen unterhalten, musizieren, lachen oder die Wärme aufnehmen und sich zur Ruhe legen. Doch wenn das Feuer ausgeht ... haben die Gestalten, die in der Dunkelheit warten, den Mut, aus ihren Löchern zu kriechen. Wenn das Feuer ausgeht, gibt es keine Regeln mehr.Ein Camp im Wald. 18 Menschen auf engstem Raum, jeder mit seiner Vergangenheit und seinen Geheimnissen. Mittendrin ist Lukas, der von seiner Mutter an diesen Ort geschickt wurde. Schnell merkt er: Irgendjemand oder irgendetwas will diesem Camp - und den Menschen darin - nichts Gutes. Zwischen sarkastischen Bemerkungen und philosophischen Gesprächen stößt er auf alte Wunden, die noch lange nicht verheilt sind.</marc:subfield>
   </marc:datafield>
   <marc:datafield ind1=" " ind2=" " tag="020">
      <marc:subfield code="a">9783903144965</marc:subfield>
      <marc:subfield code="9">9783903144965</marc:subfield>
   </marc:datafield>
   <marc:datafield ind1=" " ind2=" " tag="020">
      <marc:subfield code="a">3903144967</marc:subfield>
      <marc:subfield code="9">3903144967</marc:subfield>
   </marc:datafield>
   <marc:datafield ind1="3" ind2=" " tag="024">
      <marc:subfield code="a">9783903144965</marc:subfield>
   </marc:datafield>
   <marc:datafield ind1=" " ind2=" " tag="041">
      <marc:subfield code="a">ger</marc:subfield>
   </marc:datafield>
   <marc:datafield ind1=" " ind2=" " tag="300">
      <marc:subfield code="a">319 Seiten, Illustrationen</marc:subfield>
   </marc:datafield>
</marc:record>
